000 01275nam a2200205Ia 4500
003 Ost
005 20260507075057.0
008 260507s9999||||xx |||||||||||||| ||und||
020 _a9957320130
040 _cfsecg
041 _aara
082 _a350
100 _aحريم، حسين
_eمؤلف
245 0 _aإدارة المنظمات :
_bمنظور كلي /
_c حسين حريم
260 _aعمان:
_bدار الحامد,
_c2003
300 _a342 صفحة؛
_bإيضاحات ؛
_c25 سم
520 _aتطور الفكر التنظيمي، إدارة البيئة الخارجية للمنظمة،رسالة المنظمة أهدافها استراتيجيات وقياس الأداء، الهيكل التنظيمي،نماذج الهيكل التنظيمي، حجم المنظمة وعمرها ودورة حياتها،إدارة المعلومات في المنظمات،القوة السياسية والصراع التنظيمي، إدارة ثقافة المنظمة، التغيير والتطوير التنظيمي، إدارة الإبداع في المنظمات، منظمات المستقبل
653 _aالادارة
942 _cكتاب
999 _c42752
_d42752